LEADER 01039nam2-2200337---450- 001 990005813200203316 005 20130228142738.0 010 $a978-88-348-2833-5 035 $a000581320 035 $aUSA01000581320 035 $a(ALEPH)000581320USA01 035 $a000581320 100 $a20130228d2012----km-y0itay50------ba 101 $aita 102 $aIT 105 $a||||||||001yy 200 1 $a<<2:>> America latina, India, Europa, Unione europea$fRaffaele Bifulco (a cura di) 210 $aTorino$cGiappichelli$d2012 215 $aXXII, 571 p.$d24 cm 461 1$1001000353087$12001$aOrdinamenti federali comparati 606 0 $aStati federali$xDiritto comparato$2BNCF 676 $a342.042$v22 702 1$aBIFULCO,$bRaffaele 801 0$aIT$bsalbc$gISBD 912 $a990005813200203316 951 $aXXIX.2.C. 191 2$b75776 G.$cXXIX.2.C.$d00319092 959 $aBK 969 $aGIU 979 $aCHIARA$b90$c20130228$lUSA01$h1427 996 $aAmerica latina, India, Europa, Unione europea$91088941 997 $aUNISA LEADER 01789oam 2200445M 450 001 9910716234803321 005 20200213070520.3 035 $a(CKB)5470000002519779 035 $a(OCoLC)1065806639 035 $a(OCoLC)995470000002519779 035 $a(EXLCZ)995470000002519779 100 $a20071213d1926 ua 0 101 0 $aeng 135 $aurcn||||||||| 181 $ctxt$2rdacontent 182 $cc$2rdamedia 183 $acr$2rdacarrier 200 10$aTo amend the National Defense Act in relation to retirement of officers. May 3, 1926. -- Committed to the Committee of the Whole House on the State of the Union and ordered to be printed 210 1$a[Washington, D.C.] :$c[U.S. Government Printing Office],$d1926. 215 $a1 online resource (6 pages) 225 1 $aHouse report / 69th Congress, 1st session. House ;$vno. 1057 225 1 $a[United States congressional serial set ] ;$v[serial no. 8533] 300 $aBatch processed record: Metadata reviewed, not verified. Some fields updated by batch processes. 300 $aFDLP item number not assigned. 606 $aMilitary pensions 606 $aDisabled veterans 606 $aArmed Forces$xOfficers 608 $aLegislative materials.$2lcgft 615 0$aMilitary pensions. 615 0$aDisabled veterans. 615 0$aArmed Forces$xOfficers. 701 $aWurzbach$b Harry McLeary$f1874-1931$pRepublican (TX)$01386829 801 0$bWYU 801 1$bWYU 801 2$bOCLCO 801 2$bOCLCQ 906 $aBOOK 912 $a9910716234803321 996 $aTo amend the National Defense Act in relation to retirement of officers. May 3, 1926. -- Committed to the Committee of the Whole House on the State of the Union and ordered to be printed$93488897 997 $aUNINA